Microsoft EXCEL pro pokročilé : pro Windows 3.x/95 /

Gespeichert in:
Bibliographische Detailangaben
Hauptverfasser: Šimek, Tomáš (Verfasst von), Vacek, Jiří (Verfasst von)
Format: Buch
Sprache:Tschechisch
Veröffentlicht: Praha : Computer Press, 1997
Ausgabe:1.vyd.
Schlagworte:
Tags: Tag hinzufügen
Keine Tags, Fügen Sie das erste Tag hinzu!

MARC

LEADER 00000nam a22000003a 4500
001 stu10337
005 20200917114041.5
008 971210s1997----xr------------------cze-d
020 |a 80-7226-007-3 
040 |a STU  |b slo 
041 0 |a cze 
044 |a xr 
080 |a 681.32.06 
080 |a EXCEL 
080 |a 519.68 
084 |a C6130  |2 INS 
084 |a C7104  |2 INS 
084 |a C7310  |2 INS 
100 1 |a Šimek, Tomáš  |4 aut 
245 1 |a Microsoft EXCEL pro pokročilé :  |b pro Windows 3.x/95 /  |c [aut.] řimek,Tomáš; Vacek,Jiří 
250 |a 1.vyd. 
260 |a Praha :  |b Computer Press,  |c 1997 
300 |a 175 s 
650 7 |a MS EXCEL  |2 stusub 
650 7 |a tabuľkové procesory  |2 stusub 
650 7 |a kalkulátory  |2 stusub 
650 7 |a programové systémy  |2 stusub 
650 7 |a počítačové programy  |2 stusub 
700 1 |a Vacek, Jiří  |4 aut 
996 |b E81737  |c E*81737  |l EELSDV  |s P  |a 0  |w stu10337_0001